Intermediate Environmental Economics (Record no. 11497)

MARC details
000 -LEADER
fixed length control field 00403nam a22001697a 4500
003 - CONTROL NUMBER IDENTIFIER
control field OSt
008 - FIXED-LENGTH DATA ELEMENTS--GENERAL INFORMATION
fixed length control field 220831b ||||| |||| 00| 0 eng d
020 ## - INTERNATIONAL STANDARD BOOK NUMBER
International Standard Book Number 9780198091783
082 ## - DEWEY DECIMAL CLASSIFICATION NUMBER
Classification number 333.7 KOI
100 ## - MAIN ENTRY--PERSONAL NAME
Personal name KOLSTAD, Charles D.
245 ## - TITLE STATEMENT
Title Intermediate Environmental Economics
250 ## - EDITION STATEMENT
Edition statement 2nd.
260 ## - PUBLICATION, DISTRIBUTION, ETC. (IMPRINT)
Place of publication, distribution, etc New York
Name of publisher, distributor, etc Oxford
Date of publication, distribution, etc 2011
300 ## - PHYSICAL DESCRIPTION
Extent 470 p.
650 ## - SUBJECT ADDED ENTRY--TOPICAL TERM
Topical term or geographic name as entry element Economics
942 ## - ADDED ENTRY ELEMENTS (KOHA)
Source of classification or shelving scheme Dewey Decimal Classification
Koha item type Text Books
Holdings
Withdrawn status Lost status Source of classification or shelving scheme Damaged status Not for loan Collection code Home library Current library Date acquired Source of acquisition Currency Cost, normal purchase price Bill Number Total Checkouts Full call number Acc. no. / Barcode Date last seen Actual Cost, discounted price Bill Date Koha item type
    Dewey Decimal Classification     B.A Economics PIET NCR College Library PIET NCR College Library 29/08/2022 Kirti Prakashan In Rupees 1250.00 IN853   333.7 KOI N2720 31/08/2022 850.00 29/08/2022 Text Books
    Dewey Decimal Classification     B.A Economics PIET NCR College Library PIET NCR College Library 29/08/2022 Kirti Prakashan In Rupees 1250.00 IN853   333.7 KOI N2721 31/08/2022 850.00 29/08/2022 Text Books

Design & Developed by: PIET Central Library
R70 Miles Stone Pattikalyana Samalkha Panipat 132102
mail ID :- [email protected], Phone No:- 0180-2569700 Ex.216